MARC

LEADER 00000nam0a2200000 4500
001 291526
005 20231102000410.0
020 |a RU  |b 84-2685 
035 |a (RuTPU)RU\TPU\book\316104 
090 |a 291526 
100 |a 20150415d1984 km y0rusy5003 ca 
101 0 |a rus 
102 |a RU 
105 |a a z 101zy 
200 1 |a Современные физические методы неразрушающего контроля  |e материалы семинара  |f Общество "Знание" РСФСР ; Московский Дом научно-технической пропаганды 
210 |a Москва  |c Изд-во МДНТП  |d 1984 
215 |a 157 с.  |c ил. 
320 |a Библиография в конце докладов 
606 1 |a Неразрушающий контроль  |2 stltpush  |3 (RuTPU)RU\TPU\subj\66931  |9 82903 
610 1 |a технический контроль 
610 1 |a физические методы 
610 1 |a метрологическое обеспечение 
610 1 |a патентные исследования 
610 1 |a дефектоскопы 
610 1 |a вихревые дефектоскопы 
610 1 |a неразрушающие испытания 
610 1 |a эффект Баркгаузена 
610 1 |a радиационная интроскопия 
610 1 |a рентгеноскопия 
675 |a 620.179.1(063)  |z rus  |v 3 
712 0 2 |a Общество "Знание" РСФСР  |c (Москва)  |2 stltpush  |3 (RuTPU)RU\TPU\col\7484 
712 0 2 |a Московский Дом научно-технической пропаганды  |2 stltpush  |3 (RuTPU)RU\TPU\col\7885  |9 24405 
712 1 2 |a Современные физические методы неразрушающего контроля  |c семинар  |e Москва  |f 1984  |4 570 
801 0 |a RU  |b RuMRKP  |c 19950704  |g psbo 
801 1 |a RU  |b 63413507  |c 20150415 
801 2 |a RU  |b 63413507  |c 20180423  |g RCR 
942 |c BK